| 000 | 00937cam a22002895a 4500 | ||
|---|---|---|---|
| 001 | 2015057 | ||
| 005 | 20151119153658.0 | ||
| 008 | 910731t2008 nyua frb 001 0 eng d | ||
| 020 | _a0824785207 (alk. paper) | ||
| 020 | _a9780824785208 | ||
| 040 |
_aDLC _cDLC _dDLC _dEG-ScBUE _beng |
||
| 082 | 0 | 4 |
_a615.6 _222 _bCHI |
| 100 | 1 |
_aChien, Yie W., _938775 _d1938- |
|
| 245 | 1 | 0 |
_aNovel drug delivery systems / _cYie W. Chien. |
| 250 | _a2nd ed., rev. and expanded. | ||
| 260 |
_aNew York ; _aLondon : _bInforma Healthcare, _cc.2008. |
||
| 300 |
_avii, 797 p. : _bill. ; _c27 cm. |
||
| 490 | 0 |
_aDrugs and the pharmaceutical sciences ; _vv. 50 |
|
| 500 | _aIndex : p. 777-797. | ||
| 504 | _aIncludes bibliographical references. | ||
| 650 | 0 |
_aDrugs _xControlled release. _2BUEsh |
|
| 650 | 0 |
_aControlled release preparations _2BUEsh |
|
| 651 | _2BUEsh | ||
| 653 |
_bPPhrm _cNovember2015 |
||
| 655 |
_vReading book _934232 |
||
| 942 | _2ddc | ||
| 999 |
_c21065 _d21037 |
||